Flags to Languages #2 - Statistics

General Stats
  • This quiz has been taken 120 times
  • The average score is 10 of 15
Answer Stats
Picture Answer % Correct
German
94%
Khmer
92%
Slovak
91%
Indonesian
86%
Lao
84%
Uzbek
82%
Nepali
72%
Dzongkha
65%
Kyrgyz
65%
Dutch
61%
Portuguese
52%
Amharic
48%
Sinhala
42%
Dari
31%
Tigrinya
28%
No matching quizzes found
Score Distribution
Percent of People with Each Score
Percentile by Number Answered
Your Score History
You have not taken this quiz